[Event "Kaluga Tsiolkovsky Memorial op"]
[Site "Kaluga"]
[Date "2014.08.04"]
[Round "3"]
[White "Shirokov, Sergey"]
[Black "Ditiatev, Sergey"]
[Result "0-1"]
[WhiteElo "1992"]
[BlackElo "2251"]
[PlyCount "52"]
[EventDate "2014.08.02"]
[EventType "swiss"]
[EventRounds "8"]
[EventCountry "RUS"]
[SourceTitle "EXT 2023"]
[Source "ChessBase"]
[SourceDate "2022.10.05"]
[SourceVersion "1"]
[SourceVersionDate "2022.10.05"]
[SourceQuality "1"]

1. c4 e6 2. d4 d5 3. Nf3 Nf6 4. Nc3 Be7 5. e3 0-0 6. Bd3 b6 7. cxd5 exd5 8. 0-0 c5 9. Ne5 Bb7 10. f4 Nc6 11. Nxc6 Bxc6 12. Qf3 Re8 13. Bd2 Ne4 14. Nxe4 dxe4 15. Bxe4 Bxe4 16. Qxe4 Bf6 17. Qf3 Qe7 18. dxc5 Rad8 19. Rad1 Qxc5 20. Bc1 Qc2 21. Rxd8 Rxd8 22. Qb7 h6 23. Qxa7 Rd1 24. Qa8+ Kh7 25. Rxd1 Qxd1+ 26. Kf2 Qxc1 0-1

[Event "Kaluga Tsiolkovsky Memorial op"]
[Site "Kaluga"]
[Date "2013.08.06"]
[Round "4"]
[White "Gavrilichev, Aleksandr"]
[Black "Ditiatev, Sergey"]
[Result "0-1"]
[WhiteElo "2025"]
[BlackElo "2264"]
[PlyCount "46"]
[EventDate "2013.08.03"]
[EventType "swiss"]
[EventRounds "9"]
[EventCountry "RUS"]
[SourceTitle "CBM 156 Extra"]
[Source "ChessBase"]
[SourceDate "2013.10.22"]
[SourceVersion "1"]
[SourceVersionDate "2013.10.22"]
[SourceQuality "1"]

1. e4 c5 2. Nf3 d6 3. d4 cxd4 4. Nxd4 Nf6 5. Nc3 a6 6. Be2 e5 7. Nb3 Be7 8. 0-0 0-0 9. Be3 Be6 10. Qd2 b5 11. Bg5 Nbd7 12. Bf3 Rc8 13. Rac1 b4 14. Ne2 Nxe4 15. Bxe7 Nxd2 16. Bxd8 Nxf3+ 17. gxf3 Rfxd8 18. f4 Bc4 19. Rfe1 Bxe2 20. Rxe2 exf4 21. Re4 g5 22. Rxb4 Nc5 23. Nd4 Nd3 0-1

[Event "RUS-chT 20th"]
[Site "Loo"]
[Date "2013.04.07"]
[Round "1.3"]
[White "Atalik, Suat"]
[Black "Ditiatev, Sergey"]
[Result "1-0"]
[WhiteElo "2593"]
[BlackElo "2267"]
[PlyCount "95"]
[EventDate "2013.04.07"]
[EventType "team-swiss"]
[EventRounds "7"]
[EventCountry "RUS"]
[SourceTitle "EXT 2014"]
[Source "ChessBase"]
[SourceDate "2013.11.20"]
[SourceVersion "1"]
[SourceVersionDate "2013.11.20"]
[SourceQuality "1"]
[WhiteTeam "Kazan"]
[BlackTeam "Kaluga"]
[WhiteTeamCountry "RUS"]
[BlackTeamCountry "RUS"]

1. d4 Nf6 2. c4 c5 3. d5 b5 4. cxb5 a6 5. bxa6 Bxa6 6. Nc3 g6 7. e4 Bxf1 8. Kxf1 d6 9. g3 Bg7 10. Kg2 0-0 11. Nf3 Nbd7 12. a4 Qb6 13. Ra3 Rfb8 14. Qc2 c4 15. Rd1 Ng4 16. Nb5 Nc5 17. h3 Ne5 18. Nxe5 Bxe5 19. f4 Bg7 20. Be3 h5 21. e5 Rc8 22. f5 dxe5 23. Qxc4 gxf5 24. b4 Nxa4 25. Qxc8+ Rxc8 26. Bxb6 Nxb6 27. Ra6 Rc2+ 28. Kg1 Bh6 29. Re1 Bd2 30. Rxe5 Bxb4 31. Rxf5 Bc5+ 32. Kh1 Kg7 33. Rxh5 Rb2 34. Nc3 Be3 35. Ra1 Nc4 36. Ne4 Re2 37. Rd1 Bb6 38. Rg5+ Kh6 39. Rg4 f5 40. Rh4+ Kg6 41. Nc3 Nb2 42. Nxe2 Nxd1 43. Rc4 Kf7 44. Rc6 Ba5 45. Kg2 Bb4 46. Kf3 Bd6 47. Nd4 Nb2 48. Nxf5 1-0

[Event "CFO-chT"]
[Site "Kaluga"]
[Date "2012.11.01"]
[Round "2.2"]
[White "Ganzhin, Mikhail"]
[Black "Ditiatev, Sergey"]
[Result "1-0"]
[WhiteElo "1921"]
[BlackElo "2257"]
[PlyCount "95"]
[EventDate "2012.10.31"]
[EventType "swiss"]
[EventRounds "9"]
[EventCountry "RUS"]
[SourceTitle "EXT 2014"]
[Source "ChessBase"]
[SourceDate "2013.11.20"]
[SourceVersion "1"]
[SourceVersionDate "2013.11.20"]
[SourceQuality "1"]

1. e4 c5 2. Nf3 d6 3. d4 cxd4 4. Nxd4 Nf6 5. Nc3 a6 6. h3 e5 7. Nde2 Be6 8. g4 d5 9. exd5 Nxd5 10. Bg2 Nxc3 11. Qxd8+ Kxd8 12. Nxc3 Nc6 13. Be3 Kc7 14. 0-0-0 Be7 15. Nd5+ Bxd5 16. Bxd5 f6 17. c3 Rad8 18. Be4 g6 19. h4 Rxd1+ 20. Rxd1 b6 21. Kc2 Nb8 22. h5 g5 23. b4 h6 24. Kb3 Nc6 25. a4 Rb8 26. Bf5 Bd6 27. Bd3 Ra8 28. Be4 Rb8 29. Bxc6 Kxc6 30. b5+ axb5 31. axb5+ Kc7 32. Ra1 Kb7 33. Ra6 Bc7 34. c4 Kc8 35. Kb4 Bd8 36. c5 Be7 37. Kc4 bxc5 38. Bxc5 Kd8 39. Re6 Bxc5 40. Kxc5 Ra8 41. Ra6 Rc8+ 42. Rc6 Ra8 43. b6 Kd7 44. b7 Ra5+ 45. Kb6 Ra2 46. Rxf6 Rb2+ 47. Ka7 Ra2+ 48. Ra6 1-0

[Event "Kaluga Tsiolkovsky Memorial op"]
[Site "Kaluga"]
[Date "2012.08.07"]
[Round "8"]
[White "Khozhanov, Khazhanurat"]
[Black "Ditiatev, Sergey"]
[Result "0-1"]
[WhiteElo "1919"]
[BlackElo "2286"]
[PlyCount "70"]
[EventDate "2012.07.30"]
[EventType "swiss"]
[EventRounds "9"]
[EventCountry "RUS"]
[SourceTitle "EXT 2014"]
[Source "ChessBase"]
[SourceDate "2013.11.20"]
[SourceVersion "1"]
[SourceVersionDate "2013.11.20"]
[SourceQuality "1"]

1. Nf3 f5 2. c4 Nf6 3. Nc3 g6 4. g3 Bg7 5. Bg2 0-0 6. 0-0 d6 7. d4 c6 8. Qb3 Kh8 9. Bg5 Nbd7 10. Rad1 Qb6 11. Na4 Qxb3 12. axb3 Nb6 13. Ra1 Be6 14. Bd2 Ne4 15. Bc3 Nxa4 16. Rxa4 a6 17. e3 b5 18. cxb5 axb5 19. Rxa8 Rxa8 20. b4 Ra2 21. Rc1 Bd5 22. Ne1 Kg8 23. f3 Bh6 24. f4 Kf7 25. Bxe4 Bxe4 26. Kf2 Ke6 27. Nf3 Bxf3 28. Kxf3 Kd5 29. h3 Ra8 30. g4 e6 31. g5 Bg7 32. h4 Re8 33. Rd1 Kc4 34. h5 Bh8 35. Ra1 e5 0-1

[Event "Kaluga Tsiolkovsky Memorial op"]
[Site "Kaluga"]
[Date "2012.08.01"]
[Round "3"]
[White "Fedosov, Yury"]
[Black "Ditiatev, Sergey"]
[Result "0-1"]
[WhiteElo "2033"]
[BlackElo "2286"]
[PlyCount "60"]
[EventDate "2012.07.30"]
[EventType "swiss"]
[EventRounds "9"]
[EventCountry "RUS"]
[SourceTitle "EXT 2014"]
[Source "ChessBase"]
[SourceDate "2013.11.20"]
[SourceVersion "1"]
[SourceVersionDate "2013.11.20"]
[SourceQuality "1"]

1. d4 d5 2. Nc3 f5 3. Bf4 Nf6 4. e3 e6 5. Bd3 c5 6. Nf3 Bd6 7. Bxd6 Qxd6 8. 0-0 0-0 9. Nb5 Qb6 10. dxc5 Qxc5 11. Nbd4 Nc6 12. c3 Bd7 13. Bc2 Rae8 14. Nxc6 bxc6 15. Qd4 Qd6 16. Qe5 Qe7 17. h3 c5 18. Rfd1 Bb5 19. Bd3 Bc6 20. Be2 Ne4 21. c4 f4 22. cxd5 Bxd5 23. b3 Rf5 24. Qb2 fxe3 25. fxe3 Ng3 26. Re1 Ref8 27. Bd3 Rxf3 28. gxf3 Qg5 29. f4 Ne2+ 30. Kf2 Qg2# 0-1

[Event "Central FO-ch"]
[Site "Gagarin"]
[Date "2009.05.06"]
[Round "8"]
[White "Ditiatev, Sergey"]
[Black "Pogosian, Georgy"]
[Result "1/2-1/2"]
[WhiteElo "2344"]
[BlackElo "2220"]
[PlyCount "109"]
[EventDate "2009.05.01"]
[EventType "swiss"]
[EventRounds "9"]
[EventCountry "RUS"]
[SourceTitle "CBM 130 Extra"]
[Source "ChessBase"]
[SourceDate "2009.07.02"]
[SourceVersion "2"]
[SourceVersionDate "2009.07.15"]
[SourceQuality "1"]

1. e4 e6 2. d4 d5 3. e5 c5 4. c3 Nc6 5. Nf3 Qb6 6. a3 Bd7 7. b4 cxd4 8. cxd4 Rc8 9. Bb2 Na5 10. Nbd2 Nc4 11. Bxc4 dxc4 12. Rc1 Qa6 13. 0-0 Ne7 14. Ng5 h6 15. Qh5 Ng6 16. Nxf7 Kxf7 17. Rc3 Be8 18. Rg3 Kg8 19. Ne4 Be7 20. d5 c3 21. Nxc3 Nf4 22. Qg4 Bg5 23. b5 Qb6 24. Qd1 Bh5 25. Qb3 exd5 26. Nxd5 Qe6 27. Nxf4 Qxb3 28. Rxb3 Bxf4 29. g3 Bg5 30. f4 Be7 31. f5 Rc2 32. Bd4 b6 33. Rf4 Kh7 34. g4 Rd8 35. Bf2 Be8 36. a4 Rdd2 37. Rbf3 Bd7 38. f6 gxf6 39. exf6 Bf8 40. h4 Kg6 41. f7 Bc8 42. Rf6+ Kg7 43. h5 Rc4 44. Rg6+ Kh7 45. Be3 Rd1+ 46. Kf2 Rxg4 47. Rxh6+ Bxh6 48. Bxh6 Rd8 49. f8Q Rxf8 50. Rxf8 Kxh6 51. Rh8+ Kg5 52. Rxc8 Rxa4 53. Rh8 Rh4 54. Kg3 Rb4 55. Rh7 1/2-1/2

[Event "Central FO-ch"]
[Site "Gagarin"]
[Date "2009.05.05"]
[Round "7"]
[White "Panchenko, Dmitry"]
[Black "Ditiatev, Sergey"]
[Result "1-0"]
[WhiteElo "2382"]
[BlackElo "2344"]
[PlyCount "111"]
[EventDate "2009.05.01"]
[EventType "swiss"]
[EventRounds "9"]
[EventCountry "RUS"]
[SourceTitle "CBM 130 Extra"]
[Source "ChessBase"]
[SourceDate "2009.07.02"]
[SourceVersion "2"]
[SourceVersionDate "2009.07.15"]
[SourceQuality "1"]

1. e4 c5 2. Nf3 d6 3. d4 cxd4 4. Nxd4 Nf6 5. Nc3 a6 6. Be3 e5 7. Nb3 Be6 8. f3 Nbd7 9. Qd2 b5 10. 0-0-0 b4 11. Na4 d5 12. exd5 Nxd5 13. Nac5 Nxe3 14. Qxe3 Qb6 15. Qe4 Rc8 16. Nxd7 Bxd7 17. Qxe5+ Be6 18. Bd3 f6 19. Qe2 a5 20. Bf5 Kf7 21. Qxe6+ Qxe6 22. Bxe6+ Kxe6 23. Nxa5 g5 24. h4 h5 25. hxg5 fxg5 26. Rhe1+ Kf6 27. Re4 h4 28. Nc4 h3 29. gxh3 Rxh3 30. Nb6 Rc6 31. Nd7+ Kg7 32. Nxf8 Kxf8 33. Rxb4 Rxf3 34. Rb7 Rf7 35. Rxf7+ Kxf7 36. Kd2 Kf6 37. c3 g4 38. Ke1 Kg5 39. Kf2 Rf6+ 40. Kg2 Re6 41. Rd2 Kh4 42. c4 Re3 43. c5 Rg3+ 44. Kf1 Kh3 45. c6 Rf3+ 46. Rf2 Rd3 47. c7 Rd1+ 48. Ke2 Rc1 49. Rf7 g3 50. Rh7+ Kg4 51. Rg7+ Kf4 52. b4 g2 53. Rxg2 Rxc7 54. Kd3 Ke5 55. Rc2 Rh7 56. Kc4 1-0

[Event "Central FO-ch"]
[Site "Gagarin"]
[Date "2009.05.02"]
[Round "2"]
[White "Ditiatev, Sergey"]
[Black "Gubajdullin, Alexey"]
[Result "1-0"]
[WhiteElo "2344"]
[BlackElo "2460"]
[PlyCount "65"]
[EventDate "2009.05.01"]
[EventType "swiss"]
[EventRounds "9"]
[EventCountry "RUS"]
[SourceTitle "CBM 130 Extra"]
[Source "ChessBase"]
[SourceDate "2009.07.02"]
[SourceVersion "2"]
[SourceVersionDate "2009.07.15"]
[SourceQuality "1"]

1. e4 g6 2. d4 Bg7 3. Nc3 d6 4. f4 a6 5. Nf3 b5 6. a4 b4 7. Nd5 Bb7 8. Bd3 Bxd5 9. exd5 Nf6 10. 0-0 Nxd5 11. f5 Nd7 12. Qe1 N7f6 13. c4 bxc3 14. bxc3 0-0 15. fxg6 hxg6 16. c4 Nb6 17. Qh4 Qd7 18. a5 Nc8 19. Bg5 Nh7 20. Rae1 e6 21. Bh6 Ne7 22. Ng5 Nxg5 23. Qxg5 Bxd4+ 24. Kh1 Rfb8 25. Qh4 Nc6 26. Be4 d5 27. cxd5 exd5 28. Bc2 Rb4 29. Qg3 Bg7 30. Bd2 Rb2 31. Bf5 Qd8 32. Bg5 Qd6 33. Bf4 1-0

[Event "Kaluga Tsiolkovsky Memorial op"]
[Site "Kaluga"]
[Date "2007.08.06"]
[Round "4"]
[White "Lisenkov, Nikolay"]
[Black "Ditiatev, Sergey"]
[Result "0-1"]
[WhiteElo "2107"]
[BlackElo "2325"]
[PlyCount "92"]
[EventDate "2007.08.03"]
[EventType "swiss"]
[EventRounds "9"]
[EventCountry "RUS"]
[SourceTitle "CBM 119 Extra"]
[Source "ChessBase"]
[SourceDate "2007.09.04"]
[SourceVersion "1"]
[SourceVersionDate "2007.09.04"]
[SourceQuality "1"]

1. c4 c5 2. Nc3 Nc6 3. g3 g6 4. Bg2 Bg7 5. e3 Nf6 6. Nge2 0-0 7. 0-0 e6 8. d4 cxd4 9. exd4 d5 10. cxd5 Nxd5 11. Nxd5 exd5 12. Be3 Bg4 13. f3 Re8 14. Bf2 Be6 15. Qd2 Qb6 16. Rad1 Rac8 17. Nf4 Qa6 18. Nxe6 Rxe6 19. Bh3 f5 20. Rfe1 Rce8 21. g4 Re2 22. Qc3 Nxd4 23. Bf1 Rxe1 24. Rxe1 Ne2+ 25. Rxe2 Qxe2 26. Bxe2 Bxc3 27. Bb5 Re1+ 28. Bxe1 Bxe1 29. gxf5 g5 30. Bd7 Kg7 31. Be6 d4 32. Kf1 Ba5 33. Ke2 Kf6 34. Kd3 Bc7 35. h3 Ke5 36. Bc8 b6 37. Bb7 Bd8 38. Be4 Bf6 39. Kc4 h5 40. Bc2 Bh8 41. b4 Kf4 42. Kd5 Kxf3 43. Ke6 g4 44. hxg4 hxg4 45. f6 g3 46. f7 Bg7 0-1

[Event "RUS Central Region-ch"]
[Site "Tula "]
[Date "2007.03.20"]
[Round "4"]
[White "Rodin, Dmitrij"]
[Black "Ditiatev, Sergey"]
[Result "1-0"]
[WhiteElo "2427"]
[BlackElo "2341"]
[PlyCount "79"]
[EventDate "2007.03.17"]
[EventType "swiss"]
[EventRounds "9"]
[EventCountry "RUS"]
[SourceTitle "EXT 2008"]
[Source "ChessBase"]
[SourceDate "2007.11.25"]
[SourceVersion "1"]
[SourceVersionDate "2007.11.25"]
[SourceQuality "1"]

1. e4 c5 2. Nf3 d6 3. d4 cxd4 4. Nxd4 Nf6 5. Nc3 a6 6. Be3 e6 7. f4 b5 8. Qf3 Bb7 9. Bd3 Nbd7 10. a3 Rc8 11. 0-0 Be7 12. Rae1 0-0 13. Qh3 Rc5 14. Nb3 Rc8 15. Bf2 e5 16. Nd5 Bxd5 17. exd5 e4 18. Bxe4 Nxe4 19. Rxe4 Nf6 20. Re2 Nxd5 21. Qf5 Nc7 22. Nd4 Na8 23. Qg4 Bf6 24. Nf5 Nb6 25. Rd1 d5 26. Bh4 Kh8 27. Re7 Rg8 28. Bxf6 gxf6 29. Qh4 Rg6 30. Rd2 Rc7 31. Rde2 Rxe7 32. Nxe7 Kg7 33. Nxg6 hxg6 34. Qf2 Nc8 35. Qc5 Qd7 36. h3 Nd6 37. Qxd5 Qa7+ 38. Kh2 Nf5 39. c3 Qc7 40. g3 1-0

[Event "RUS Central Region-ch"]
[Site "Tula "]
[Date "2007.03.18"]
[Round "2"]
[White "Trubizin, Alexander"]
[Black "Ditiatev, Sergey"]
[Result "0-1"]
[WhiteElo "2099"]
[BlackElo "2341"]
[PlyCount "30"]
[EventDate "2007.03.17"]
[EventType "swiss"]
[EventRounds "9"]
[EventCountry "RUS"]
[SourceTitle "EXT 2008"]
[Source "ChessBase"]
[SourceDate "2007.11.25"]
[SourceVersion "1"]
[SourceVersionDate "2007.11.25"]
[SourceQuality "1"]

1. d4 Nf6 2. c4 g6 3. Nc3 Bg7 4. e4 0-0 5. f4 c5 6. d5 e6 7. e5 Ne8 8. Nf3 d6 9. Be2 exd5 10. cxd5 Nd7 11. e6 fxe6 12. Ng5 Nb6 13. dxe6 h6 14. e7 Qxe7 15. Qb3+ c4 0-1

[Event "RUS Central Region-ch"]
[Site "Tula "]
[Date "2007.03.17"]
[Round "1"]
[White "Ditiatev, Sergey"]
[Black "Semenkov, Aleksander"]
[Result "0-1"]
[WhiteElo "2341"]
[BlackElo "2013"]
[PlyCount "62"]
[EventDate "2007.03.17"]
[EventType "swiss"]
[EventRounds "9"]
[EventCountry "RUS"]
[SourceTitle "EXT 2008"]
[Source "ChessBase"]
[SourceDate "2007.11.25"]
[SourceVersion "1"]
[SourceVersionDate "2007.11.25"]
[SourceQuality "1"]

1. e4 e6 2. d4 d5 3. e5 c5 4. c3 Qb6 5. Nf3 Bd7 6. a3 Bb5 7. c4 Bxc4 8. Bxc4 dxc4 9. d5 exd5 10. Qxd5 Qc6 11. Qxc4 b5 12. Qe2 Ne7 13. 0-0 Nd5 14. e6 f6 15. Rd1 Be7 16. Qd3 Nc7 17. Bf4 Nxe6 18. Bg3 c4 19. Qe2 Kf7 20. Nc3 Nd7 21. Rd5 Ndc5 22. Rf5 Qb7 23. Re1 Rhe8 24. b4 cxb3 25. Nxb5 g6 26. Rxf6+ Kxf6 27. Be5+ Kf7 28. Ba1 Qd5 29. Ne5+ Kg8 30. Qg4 Qd2 31. Kf1 b2 0-1

[Event "RUS Central Region-ch"]
[Site "Tula"]
[Date "2004.03.20"]
[Round "7"]
[White "Ditiatev, Sergey"]
[Black "Kuzin, Anton"]
[Result "1/2-1/2"]
[WhiteElo "2368"]
[BlackElo "2323"]
[PlyCount "57"]
[EventDate "2004.03.14"]
[EventType "swiss"]
[EventRounds "9"]
[EventCountry "RUS"]
[SourceTitle "EXT 2005"]
[Source "ChessBase"]
[SourceDate "2004.11.15"]
[SourceVersion "1"]
[SourceVersionDate "2004.11.15"]
[SourceQuality "1"]

1. e4 c6 2. d4 d5 3. exd5 cxd5 4. c4 Nf6 5. Nc3 g6 6. cxd5 Bg7 7. Be2 Nbd7 8. Bf3 Nb6 9. Qb3 0-0 10. Nge2 Bg4 11. Bxg4 Nxg4 12. 0-0 Nf6 13. Bf4 Nfxd5 14. Be5 Nxc3 15. Nxc3 Qd7 16. Rad1 Rfd8 17. Bxg7 Kxg7 18. d5 Qg4 19. Rfe1 Rd7 20. h3 Qc4 21. Qa3 Nxd5 22. Nxd5 Rxd5 23. Rxd5 Qxd5 24. Qc3+ Kg8 25. Rxe7 Qxa2 26. Rxb7 Qd5 27. Qc7 a5 28. Kh2 h5 29. Rb8+ 1/2-1/2

[Event "RUS Central Region-ch"]
[Site "Tula"]
[Date "2004.03.17"]
[Round "4"]
[White "Ditiatev, Sergey"]
[Black "Kornev, Alexei"]
[Result "0-1"]
[WhiteElo "2368"]
[BlackElo "2582"]
[PlyCount "62"]
[EventDate "2004.03.14"]
[EventType "swiss"]
[EventRounds "9"]
[EventCountry "RUS"]
[SourceTitle "EXT 2005"]
[Source "ChessBase"]
[SourceDate "2004.11.15"]
[SourceVersion "1"]
[SourceVersionDate "2004.11.15"]
[SourceQuality "1"]

1. e4 c6 2. d4 d5 3. Nd2 dxe4 4. Nxe4 Bf5 5. Ng3 Bg6 6. h4 h6 7. Nf3 Nd7 8. h5 Bh7 9. Bd3 Bxd3 10. Qxd3 Ngf6 11. Bf4 Qa5+ 12. c3 e6 13. a4 Be7 14. b4 Qd8 15. 0-0 a5 16. b5 c5 17. Rfe1 0-0 18. Be5 cxd4 19. Bxd4 Qc7 20. Qe2 Bc5 21. Ne4 Bxd4 22. Nxd4 Nxe4 23. Qxe4 Nf6 24. Qf3 Rfd8 25. b6 Qxb6 26. Rab1 Qa6 27. Rb5 Rac8 28. Reb1 Rd5 29. g4 Qd6 30. g5 hxg5 31. h6 Qf4 0-1

[Event "RUS Central Region-ch"]
[Site "Tula"]
[Date "2004.03.14"]
[Round "1"]
[White "Ditiatev, Sergey"]
[Black "Ajrapetian, Gevorg"]
[Result "1-0"]
[WhiteElo "2368"]
[BlackElo "2140"]
[PlyCount "123"]
[EventDate "2004.03.14"]
[EventType "swiss"]
[EventRounds "9"]
[EventCountry "RUS"]
[SourceTitle "EXT 2005"]
[Source "ChessBase"]
[SourceDate "2004.11.15"]
[SourceVersion "1"]
[SourceVersionDate "2004.11.15"]
[SourceQuality "1"]

1. e4 c5 2. Nf3 e6 3. d4 cxd4 4. Nxd4 Nf6 5. Nc3 Nc6 6. Ndb5 Bb4 7. a3 Bxc3+ 8. Nxc3 d5 9. exd5 Nxd5 10. Nxd5 exd5 11. Bd3 0-0 12. 0-0 Be6 13. Re1 Qf6 14. c3 Rfe8 15. Be3 Rad8 16. Qc2 h6 17. Rad1 Kh8 18. Bb5 Bf5 19. Qa4 Re4 20. Qb3 Na5 21. Qa2 a6 22. Bd3 Re6 23. Bd4 Qg6 24. Rxe6 fxe6 25. Bxf5 Qxf5 26. b3 Nc6 27. Bb6 Rf8 28. Qe2 Kh7 29. h3 Rf6 30. Qd3 Qxd3 31. Rxd3 Kg6 32. Kf1 Kf7 33. Ke2 Rf5 34. g4 Rf6 35. Rd1 Ke8 36. Ke3 Ne7 37. Bd4 Rf7 38. Bc5 Kd7 39. c4 Kc6 40. Bb4 Ng6 41. cxd5+ exd5 42. Rd4 Nh4 43. f4 b6 44. Kf2 a5 45. Bd2 Ng6 46. Kg3 Re7 47. h4 Nf8 48. f5 Kc5 49. Rf4 d4 50. b4+ Kc4 51. bxa5 bxa5 52. Bxa5 Nd7 53. g5 hxg5 54. hxg5 Kd5 55. Bb4 Rf7 56. Kg4 Ne5+ 57. Kh5 Nd3 58. Rf1 Nxb4 59. axb4 Kc4 60. Kg6 Ra7 61. Rb1 d3 62. f6 1-0

[Event "Kaluga op"]
[Site "Kaluga"]
[Date "2003.??.??"]
[Round "?"]
[White "Ditiatev, Sergey"]
[Black "Korolev, Anton"]
[Result "1-0"]
[WhiteElo "2385"]
[BlackElo "2114"]
[PlyCount "52"]
[EventDate "2003.??.??"]
[EventType "swiss"]
[EventRounds "9"]
[EventCountry "RUS"]
[SourceTitle "EXT 2005"]
[Source "ChessBase"]
[SourceDate "2004.11.15"]
[SourceVersion "1"]
[SourceVersionDate "2004.11.15"]
[SourceQuality "1"]

1. d4 Nf6 2. g3 d5 3. Bg2 g6 4. Nf3 Bg7 5. c4 c6 6. 0-0 0-0 7. Qb3 dxc4 8. Qxc4 Nbd7 9. Qd3 Re8 10. Nc3 Nb6 11. Rd1 Be6 12. e4 h6 13. Bf4 Nh5 14. Be3 Bg4 15. h3 Be6 16. a4 Nc4 17. Bc1 Qb6 18. g4 Nxb2 19. Bxb2 Nf4 20. Qd2 g5 21. a5 Qc7 22. a6 bxa6 23. d5 cxd5 24. Nxd5 Bxd5 25. exd5 Bxb2 26. Qxb2 Rab8 1-0

[Event "Kaluga Tsiolkovsky Memorial op"]
[Site "Kaluga"]
[Date "2003.??.??"]
[Round "5"]
[White "Ditiatev, Sergey"]
[Black "Vilchenkov, Nikolay"]
[Result "1-0"]
[WhiteElo "2385"]
[BlackElo "2237"]
[PlyCount "133"]
[EventDate "2003.??.??"]
[EventType "swiss"]
[EventRounds "9"]
[EventCountry "RUS"]
[SourceTitle "EXT 2005"]
[Source "ChessBase"]
[SourceDate "2004.11.15"]
[SourceVersion "1"]
[SourceVersionDate "2004.11.15"]
[SourceQuality "1"]

1. Nf3 Nf6 2. g3 d5 3. Bg2 c5 4. d4 cxd4 5. 0-0 Nc6 6. Nxd4 e6 7. c4 Bc5 8. Nxc6 bxc6 9. Qc2 Qc7 10. Nc3 0-0 11. Bg5 Be7 12. Rac1 Qa5 13. Rfd1 Ba6 14. cxd5 cxd5 15. e4 dxe4 16. Bxf6 Bxf6 17. Bxe4 Rac8 18. Bxh7+ Kh8 19. Bd3 Bb7 20. Be4 Bxe4 21. Qxe4 Bxc3 22. bxc3 Rxc3 23. a4 Kg8 24. Rxc3 Qxc3 25. Rd7 a5 26. Kg2 Rc8 27. h4 Qc5 28. Qf3 Rf8 29. Qb7 Qf5 30. Qc6 Rb8 31. Rb7 Rxb7 32. Qxb7 Qc5 33. Qb5 Qc7 34. h5 Kf8 35. Kh2 Ke7 36. Qg5+ Kf8 37. Kh3 e5 38. Qf5 Ke7 39. Qh7 Qd7+ 40. Kh2 Qd2 41. Qxg7 Qxf2+ 42. Kh3 Qf5+ 43. Kh4 Qe4+ 44. Qg4 Qb4 45. h6 Qxg4+ 46. Kxg4 Kf6 47. Kh5 e4 48. g4 e3 49. g5+ Ke7 50. h7 e2 51. h8Q e1Q 52. Qf6+ Ke8 53. Kh6 Qb4 54. Kg7 Qf8+ 55. Kh7 Qb4 56. Qc6+ Kf8 57. Qc8+ Ke7 58. Kg8 Qf4 59. Qf8+ Ke6 60. g6 f6 61. Qe8+ Kf5 62. g7 Qc4+ 63. Qf7 Qxa4 64. Qh5+ Ke6 65. Kh8 f5 66. g8Q+ Ke5 67. Qg3+ 1-0

[Event "Kaluga Region-ch"]
[Site "Kaluga"]
[Date "2002.??.??"]
[Round "?"]
[White "Ditiatev, Sergey"]
[Black "Fedosov, Dmitry"]
[Result "1-0"]
[WhiteElo "2385"]
[BlackElo "2268"]
[PlyCount "55"]
[EventDate "2002.??.??"]
[EventType "tourn"]
[EventRounds "11"]
[EventCountry "RUS"]
[SourceTitle "EXT 2010"]
[Source "ChessBase"]
[SourceDate "2010.11.25"]
[SourceVersion "1"]
[SourceVersionDate "2010.11.25"]
[SourceQuality "1"]

1. Nf3 e6 2. g3 f5 3. Bg2 Nf6 4. 0-0 d5 5. d4 Bd6 6. Bf4 Bxf4 7. gxf4 0-0 8. c4 c6 9. Qb3 b6 10. Nc3 Bb7 11. a4 Nbd7 12. a5 Rb8 13. axb6 axb6 14. Ra7 Qc7 15. Rfa1 Qxf4 16. e3 Qg4 17. Ne5 Nxe5 18. dxe5 Ne4 19. cxd5 exd5 20. f3 Qg5 21. Nxe4 fxe4 22. fxe4 Qxe5 23. exd5 cxd5 24. Rxb7 Rxb7 25. Bxd5+ Kh8 26. Bxb7 Qf6 27. Bg2 Qf2+ 28. Kh1 1-0